| 000 | 00705nam a2200253 i 4500 | ||
|---|---|---|---|
| 001 | C2-0117371 | ||
| 003 | PPAK | ||
| 005 | 20180727110457.0 | ||
| 008 | 970727s1991 nyu |||| ||||| | eng d | ||
| 020 | _a0133723275 | ||
| 040 |
_aPPAK _beng _cPPAK _erda |
||
| 082 | 0 | 4 |
_a917.29404 _223 |
| 090 | 0 | 0 |
_a917.29404 _bGOL _dG |
| 100 | 1 |
_aGold, Herbert, _eauthor |
|
| 245 | 1 | 0 |
_aBest nightmare on Earth : _ba life in Haiti |
| 264 | 1 |
_aNew York : _bPrentice Hall , _c1991 |
|
| 300 |
_axi, 303 pages ; _c23 cm |
||
| 336 |
_2rdacontent _atext |
||
| 337 |
_2rdamedia _aunmediated |
||
| 338 |
_2rdacarrier _avolume |
||
| 650 | 1 | 0 | _aHaiti - Description and travel -1951-1980 |
| 700 | _eauthor | ||
| 942 |
_ddc _cB |
||
| 999 |
_c31380 _d31380 |
||